00484 2200193 4500001002100000005001500021035002000036245003300056100001700089250000600106300003500112856004500147260003200192082000800224084001400232020002200246600001000268990001200278INLIS00000000000196520250523103308 a0010-05250002571 aMimpi Ayahku /cEvald Flisar0 aEvald Flisar a1 a315 :bIlust ;c13,5 x 19,5 cm aRuang Baca Umum No Klas 800 ( Rak 3,4,5) aYogyakarta :bAraska,c2018 a813 a813 EVA m a978-407-400-514-4 4aFiksi a0754551